000 01048cam a2200289 a 4500
001 16665918
005 20170105102913.0
008 101222s2010 ii b 001 0 eng
010 _a 2010317877
025 _aI-E-2010-317877; 63-91; 63-05
035 _a(IN-NdUBS) 2010317877
037 _bLibrary of Congress -- New Delhi Overseas Office
040 _aDLC
_cDLC
_dDLC
042 _alcode
_apcc
043 _aa-ii---
_aa-cc---
050 0 0 _aDS450.C6
_bP368 2010
100 1 _aPant, Harsh V.
245 1 4 _aThe China syndrome :
_bgrappling with an uneasy relationship /
_cHarsh V. Pant.
260 _aNoida :
_bHarper Collins Publishers India a joint venture with the India Today Group, New Delhi,
_c2010.
300 _axiii, 186 p. ;
_c21 cm.
504 _aIncludes bibliographical references (p. [158]-177).
651 0 _aIndia
_xForeign relations
_zChina.
651 0 _aChina
_xForeign relations
_zIndia.
906 _a7
_bcbc
_corigode
_d3
_encip
_f20
_gy-gencatlg
942 _2ddc
_cBK
999 _c15234
_d15234